|
|
|
|
| LEADER |
01036nam a2200265 u 4500 |
| 001 |
10095650 |
| 003 |
upatras |
| 005 |
20210117203127.0 |
| 008 |
111215s1977 uk eng |
| 020 |
|
|
|a 0708813623
|
| 040 |
|
|
|a GR-PaULI
|c GR-PaULI
|
| 041 |
0 |
|
|a eng
|
| 082 |
0 |
4 |
|a 813.54
|
| 100 |
1 |
|
|a Niven, Larry
|4 aut
|9 102538
|
| 245 |
1 |
0 |
|a Lucifer's hammer
|c Larry Niven και Jerry Pournelle
|
| 260 |
|
|
|a London
|b Futura
|c 1977
|
| 300 |
|
|
|a 639 p.
|c 18 cm.
|
| 650 |
|
4 |
|a Αμερικανικό μυθιστόρημα
|y 20ός αιώνας
|9 54933
|
| 650 |
|
4 |
|a Επιστημονική φαντασία
|9 2976
|
| 700 |
1 |
|
|a Pournelle, Jerry
|d 1933-
|4 aut
|9 102539
|
| 852 |
|
|
|a GR-PaULI
|b ΠΑΤΡΑ
|b ΒΚΠ
|b ΑΝΤ
|k ΟΧΙΔ
|h 813.54 NIV
|m 108112
|p 025000191142
|t 1
|
| 942 |
|
|
|2 ddc
|c BKN
|
| 952 |
|
|
|0 0
|1 0
|4 0
|6 813_540000000000000_NIV
|7 0
|9 106094
|a LISP
|b LISP
|c DON
|d 2016-04-24
|i 108112
|l 0
|o 813.54 NIV
|p 025000191142
|r 2016-04-24 00:00:00
|t 1
|w 2016-04-24
|y BKN
|
| 998 |
|
|
|c ΜΠΟΥΡΑΣ
|d 2011-12
|
| 999 |
|
|
|c 71323
|d 71323
|